Erich Auerbach-Walter Benjamin: correspondencia
保存先:
| フォーマット: | 図書 |
|---|---|
| 言語: | スペイン語 |
| 出版事項: |
Viña del Mar
Catálogo
2014
|
| 版: | 1a. ed |
| シリーズ: | Colección Conjeturas, 1
|
| 主題: | |
| タグ: |
タグ追加
タグなし, このレコードへの初めてのタグを付けませんか!
|
MARC
| LEADER | 00000cam a2200000 a 4500 | ||
|---|---|---|---|
| 001 | UCE4871 | ||
| 003 | CL-VaPUC | ||
| 008 | 141113e20140700cl |||||||||||||||||spa|d | ||
| 020 | |a 9789563539516 | ||
| 082 | 0 | 4 | |a 856 |b ERI |2 21 |
| 245 | 1 | 0 | |a Erich Auerbach-Walter Benjamin: correspondencia |
| 250 | |a 1a. ed | ||
| 300 | |a 68 p | ||
| 942 | |c BK | ||
| 945 | |d 20141113 14:00:00 |a arojas | ||
| 260 | |a Viña del Mar |b Catálogo |c 2014 | ||
| 650 | 0 | |a Correspondencia |9 258963 | |
| 650 | 7 | |a CORRESPONDENCIAS ENTRE ESCRITORES |2 CL-VaPUC |9 388971 | |
| 651 | 0 | |a Roma |9 255106 | |
| 651 | 7 | |a ESTAMBUL |2 CL-VaPUC |9 515965 | |
| 583 | |a last modification |c 20141114 12:44:01 |k Rodrigo Vera | ||
| 490 | 0 | |a Colección Conjeturas, 1 | |
| 999 | |c 357729 |d 357727 | ||
| 952 | |0 0 |1 0 |3 erb |4 0 |6 856_000000000000000_ERI_2014 |7 0 |8 A |9 465779 |a BIBART |b BIBART |i 5124921 |o 856 ERI 2014 |p 5124921 |r 2025-03-13 |w 2019-11-23 |y BK |z Catalogado en:20141113 |k ART | ||